Normal view
MARC view
- Giesecke, Frederick E.
Entry Personal Name
001 - CONTROL NUMBER
- control field: 100242
003 - CONTROL NUMBER IDENTIFIER
- control field: NUST
005 - DATE AND TIME OF LATEST TRANSACTION
- control field: 20221013190829.0
008 - FIXED-LENGTH DATA ELEMENTS
- fixed length control field: 221013|| aca||aabn | a|a d
040 ## - CATALOGING SOURCE
- Original cataloging agency: NUST
- Transcribing agency: NUST
100 ## - HEADING--PERSONAL NAME
- Personal name: Giesecke, Frederick E.
- Dates associated with a name: 1869-1953
670 ## - SOURCE DATA FOUND
- Source citation: Work cat.: (NUST)193495: Frederick E. Giesecke ... [et al.]. 100241, Technical drawing /, c1991.
